| 000 | 00441nam a2200145 i 4500 | ||
|---|---|---|---|
| 001 | 61759 | ||
| 003 | ES-MaACL | ||
| 007 | t| | ||
| 008 | 031113s1939 fr ||||1| spa d | ||
| 245 | 0 | 0 |
_aFarmacopea francesa _b: Codex medicamentarius gallicus / _credactada por órden del Gobierno. |
| 250 | _aEd. en lengua española. | ||
| 260 |
_aRennes : _bOberthur, _c1939. |
||
| 300 |
_aXXII, 1320 p. ; _c25 cm. |
||
| 852 |
_aES-MaACL _jE-567 _bR.18589 |
||
| 999 |
_c61759 _d61759 |
||